All Countries/States You Can Visit In Assassin's Creed - Statistics

General Stats
  • This quiz has been taken 84 times
    47 since last reset
  • The average score is 29 of 41
Answer Stats
Hint Answer % Correct
Assassins creed 2 Italy
97%
Assassins creed Brotherhood Italy
97%
Assassins creed Rogue Canada
91%
Canada
91%
France
91%
France
91%
Assassins creed Unity France
91%
France
91%
Assassins creed Revelations Turkey
91%
United Kingdom
91%
Assassins creed Syndicate United Kingdom
91%
Assassins creed Valhalla United Kingdom
91%
Assassins creed Origins Egypt
88%
Assassins creed Odyssey Greece
88%
Assassins creed 1 Israel
88%
Cuba
84%
Norway
84%
Syria
81%
Assassins creed Black flag Bahamas
78%
Libya
78%
Spain
75%
Ireland
72%
Jamaica
72%
Mexico
72%
Vatican City
72%
Vatican City
72%
Haiti
69%
New York
69%
New York
69%
Portugal
69%
Belize
50%
Colombia
50%
Honduras
50%
Massachusetts
50%
Florida
47%
Sao tome
47%
New Jersey
38%
Pennsylvania
38%
Assassins creed 3 Connecticut
31%
New Hampshire
28%
North Carolina
25%
No matching quizzes found
Score Distribution
Percent of People with Each Score
Percentile by Number Answered
Your Score History
You have not taken this quiz since the last reset